00780nam a2200241Ia 4500001000600000003000900006008004100015040001300056040001300069041001300082100002000095100002900115245007200144245004300216250001100259260001100270260001000281260004900291300005700340500007100397650003900468650003100507 2225IT-RoPAU130308s9999 xx 000 0 und d aIT-RoPAU cIT-RoPAU aSPAGNOLO aJanis Irving L. gCodice Aut. SPICS: 5250 aPersonalidad como factor en la susceptibilidad a la persuasion (La) bCiencia de la comunicacion humana (La) a1a ed. aMEXICO bRoble c1966 [1° Ed.:1966 - Ed.Ling.Originale:1963] a"10 p. (prefazione: no ; testo: 10 [pagine: 63-72])" aPersonalità Come Fattore della Suscettibilità Alla Persuasione aTEORIA DELLA COMUNICAZIONE SOCIALE eCodice materia Spics: 3802